000 00323nam a2200121Ia 4500
008 191129s9999 xx 000 0 und d
020 _a9781618705839
245 _aHoly bible/
260 _aTexas:
_bWorld Bible Translation Center inc.
_c2012
300 _a1031 p. ;
_bill. :
_c21 cm.
650 _aBible
650 _aReligion
999 _c362791
_d362791